Comuni italiani per superficie - Morte improvvisa - Statistics

Statistiche generali
  • Questo quiz è stato fatto 58 volte
  • Il punteggio medio è 3 su 15
Answers on the Grid
Answers color-coded by a green-red scale on the quiz's grid according to % correct below.
Roma
Ravenna
Cerignola
Sassari
Monreale
Gubbio
Foggia
L'Aquila
Grosseto
Perugia
Ragusa
Venezia
Viterbo
Ferrara
Andria
Milano
Napoli
Forl'
Ostuni
Alghero
Pistoia
Lecce
Genova
Cesena
Barletta
Pescara
Terni
Fabriano
Frosinone
Tarvisio
 
Statistiche sulle risposte
Risposta % Corretto
Roma
69%
Grosseto
31%
Foggia
23%
Cerignola
19%
Sassari
19%
Gubbio
15%
L'Aquila
15%
Perugia
15%
Ravenna
15%
Venezia
15%
Andria
12%
Ragusa
12%
Monreale
8%
Ferrara
4%
Viterbo
4%
Nessun quiz corrispondente trovato
Distribuzione punteggi
Percentuale di utenti per punteggio
Percentile per numero di risposta
I tuoi punteggi nel tempo
Non hai fatto questo quiz